000 00492nam a2200193Ia 4500
003 OSt
005 20140311163112.0
008 140130s9999 xx 000 0 und d
050 _aSB 413.D12
_b.W44 2007
100 _aWeiss, Ellen
_930899
245 _aFrom bulb to daffodil /
_cEllen Weiss.
260 _bScholastic,
_c2008.
_aNew York :
300 _a24 p. :
_bcol. ill. ;
_c19 cm.
440 _v1
_930900
521 _aG3
526 _c520
942 _cBK-SCHOLAS
_2lcc
999 _c40581
_d40581